| 000 | 03895nam0a2200433 4500 | ||
|---|---|---|---|
| 001 | RU\NLR\BIBL_A\012784788 | ||
| 005 | 20260419182243.0 | ||
| 010 |
_a978-5-6047297-7-9 _9100 |
||
| 021 |
_aRU _bКН-П-22-005994 _9КН-П-22-0481 |
||
| 035 | _a(NLR Aleph) 012784788 | ||
| 035 | _a(RuMoRGB)010970287 | ||
| 090 |
_a13658416 _c13658416 |
||
| 100 | _a20220512d2021 m y0rusy50 ca | ||
| 101 | 0 | _arus | |
| 102 | _aRU | ||
| 105 | _ay j 000zy | ||
| 181 | 0 |
_ai _baxxe |
|
| 182 | 0 | _an | |
| 200 | 1 |
_aМетодические рекомендации по гамма-облучению различных видов продукции и сырья растительного и животного происхождения _fНизамов Р. Н., Уваев В. В., Василевский Н. М. [и др.] _gРоссийская академия наук, Министерство сельского хозяйства Российской Федерации, ФГБНУ "Федеральный научный центр-Всероссийский научно-исследовательский институт экспериментальной ветеринарии имени К. И. Скрябина и Я. Р. Коваленко Российской академии наук", Федеральный центр токсикологической, радиационной и биологической безопасности |
|
| 203 |
_aТекст _bвизуальный _cнепосредственный |
||
| 210 |
_aКазань _aМосква _cВИЭВ _d2021 |
||
| 215 |
_a66 с. _d21 |
||
| 300 | _aАвт. указаны на обороте тит. с. | ||
| 320 | _aБиблиогр.: с. 56-66 (88 назв.) | ||
| 330 | _aВ данных рекомендациях приводятся методы облучения различных видов продукции и сырья растительного и животного происхождения, уровни доз гамма-лучей, предохраняющих зерновые от поражения насекомыми-вредителями и вызывающих их гибель, защищающих корнеклубнеплоды и овощи от прорастания при длительном их хранении, деконтаминирующих сельскохозяйственную продукцию и сырье от естественной микрофлоры. Методические рекомендации предназначены для специалистов ветеринарной службы субъектов РФ и научных сотрудников, ветеринарных врачей, слушателей курсов повышения квалификации и студентов профильных ВУЗов | ||
| 606 | 1 |
_aПищевые продукты _xВлияние ионизирующих излучений _jМетодические пособия _2nlr_sh2 _3RU\NLR\AUTH\6601605848 |
|
| 606 | 1 |
_aПищевые продукты _xОблучение _jМетодические пособия _2nlr_sh1 _2nlr_sh2 _3RU\NLR\AUTH\66214231 |
|
| 606 | 1 |
_aСельскохозяйственные продукты _xОбработка _xПрименение гамма-лучей _jМетодические пособия _2nlr_sh2 _3RU\NLR\AUTH\6601761169 |
|
| 686 | 1 | _aЛ815.38я8 | |
| 686 | 1 | _aП015.3я8 | |
| 701 | 1 |
_aНизамов _bР. Н. _gРамзи Низамович |
|
| 701 | 1 |
_aУваев _bВ. В. |
|
| 701 | 1 |
_aВасилевский _bН. М. _gНиколай Михайлович |
|
| 712 | 0 | 2 |
_aРоссийская академия наук _3RU\NLR\AUTH\881057 _4570 |
| 942 | _cBOOK | ||
| 980 | _aNB | ||